000 01039njm a2200313Ia 4500
001 C6730
003 IT-RoPAU
005 20220918181146.0
008 131025s9999 xx 000 0 und d
040 _aIT-RoPAU
040 _cIT-RoPAU
999 _c101642
_d101642
999 _bn.d.
100 _aGlass Philip
_914251
100 _eAutore musica
_930248
100 _gCodice autore musica SPICS: 11482
_914253
245 _aEinstein On the Beach
250 _a1a ed.
260 _aGERMANY
260 _bELEKTRA RECORDS
_c1993 [1a Ed.:1993 - Ed. Lingua Orig.: 1993]
300 _aCOMPACT DISC
300 _c200 minuti (Testo: 112 pag.)
500 _aMusica minimale.
505 _aOpera in quattro atti.
650 _aMINIMALE [COMPACT DISC]
_eCodice MATERIA SPICS: 9949
_930249
700 _aGlass Philip
_eAutore testo e musica
_gCodice autore testo/musica SPICS: 11482
_930250
700 _aGlass Philip
_gCodice interprete SPICS: 11482
_eInterprete
_930251
700 _aWilson Robert
_eAutore
_gCodice autore SPICS: 42468
_930252
942 _cCD
_2ddc